| 000 | 00602cam a22002173a 4500 | ||
|---|---|---|---|
| 001 | 43169 | ||
| 003 | PGUSA | ||
| 005 | 20140828084000.0 | ||
| 008 | 130709s2013||||xxu|||||s|||||000 | eng d | ||
| 040 |
_aPGUSA _beng |
||
| 042 | _adc | ||
| 100 | 1 |
_aMolesworth, _cMrs, _d1839-1921 |
|
| 245 | 1 | 0 |
_aPhilippa _h[electronic resource] / _cMolesworth, |
| 260 |
_bProject Gutenberg, _c2013 |
||
| 506 | _aPublic domain in the USA. | ||
| 516 | _aElectronic text | ||
| 700 | 1 |
_aFinnemore, John, _d1863-1915 |
|
| 830 | 0 |
_aProject Gutenberg _v43169 |
|
| 856 | 4 | 0 | _uhttp://www.gutenberg.org/ebooks/43169 |
| 942 | _cEB | ||
| 999 |
_c272420 _d272420 |
||